Первое поколение покемонов - Statistics

General Stats
  • This quiz has been taken 6 times
  • The average score is 43 of 151
Answer Stats
# ⁠Покемон % Correct
25 Пикачу
100%
26 Райчу
100%
1 Бульбазавр
75%
2 Ивизавр
75%
3 Венузавр
75%
4 Чармандер
75%
6 Чаризард
75%
7 Сквиртл
75%
10 Катерпи
75%
13 Видл
75%
14 Какуна
75%
31 Нидоквин
75%
34 Нидокинг
75%
79 Слоупок
75%
80 Слоубро
75%
133 Иви
75%
143 Снорлакс
75%
150 Мьюту
75%
151 Мью
75%
5 Чармелеон
50%
9 Бластойз
50%
11 Метапод
50%
12 Баттерфри
50%
23 Эканс
50%
30 Нидорина
50%
33 Нидорино
50%
37 Вульпикс
50%
43 Оддиш
50%
44 Глум
50%
50 Диглетт
50%
52 Мяут
50%
56 Манки
50%
63 Абра
50%
64 Кадабра
50%
65 Алаказам
50%
81 Магнемайт
50%
82 Магнетон
50%
84 Додуо
50%
85 Додрио
50%
92 Гастли
50%
94 Генгар
50%
95 Оникс
50%
105 Маровак
50%
129 Мэджикарп
50%
131 Лапрас
50%
132 Дитто
50%
136 Флареон
50%
142 Аэродактиль
50%
145 Запдос
50%
146 Молтрес
50%
16 Пиджи
25%
19 Раттата
25%
21 Спироу
25%
24 Эрбок
25%
38 Найнтейлс
25%
41 Зубат
25%
42 Голбат
25%
45 Вайлплум
25%
53 Персиан
25%
54 Псайдак
25%
55 Голдак
25%
58 Гроулит
25%
59 Арканайн
25%
66 Мачоп
25%
67 Мачок
25%
68 Мачемп
25%
74 Джеодуд
25%
76 Голем
25%
77 Понита
25%
78 Рапидаш
25%
86 Сил
25%
88 Граймер
25%
89 Мак
25%
93 Хонтер
25%
96 Дроузи
25%
97 Гипно
25%
106 Хитмонли
25%
107 Хитмончан
25%
110 Визинг
25%
111 Райхорн
25%
112 Райдон
25%
115 Кангасхан
25%
116 Хорси
25%
117 Сидра
25%
119 Сикинг
25%
120 Старью
25%
121 Старми
25%
122 Мистер Майм
25%
124 Джинкс
25%
130 Гаярдос
25%
134 Вапореон
25%
135 Джолтеон
25%
138 Оманайт
25%
139 Омастар
25%
140 Кабуто
25%
141 Кабутопс
25%
144 Артикуно
25%
147 Дратини
25%
149 Драгонайт
25%
8 Вартортл
0%
15 Бидрилл
0%
17 Пиджеотто
0%
18 Пиджит
0%
20 Ратикэйт
0%
22 Фироу
0%
27 Сэндшру
0%
28 Сэндслэш
0%
29 Нидоран♀
0%
32 Нидоран♂
0%
35 Клефейри
0%
36 Клефейбл
0%
39 Джигглипуф
0%
40 Вигглитаф
0%
46 Парас
0%
47 Парасект
0%
48 Венонат
0%
49 Веномот
0%
51 Дагтрио
0%
57 Праймейп
0%
60 Поливаг
0%
61 Поливирл
0%
62 Поливрэт
0%
69 Беллспраут
0%
70 Випинбелл
0%
71 Виктрибелл
0%
72 Тентакул
0%
73 Тентакруэль
0%
75 Гравелер
0%
83 Фарфетчд
0%
87 Дьюгонг
0%
90 Шеллдер
0%
91 Клойстер
0%
98 Крабби
0%
99 Кинглер
0%
100 Волторб
0%
101 Электрод
0%
102 Экзеггут
0%
103 Экзеггутор
0%
104 Кубон
0%
108 Ликитунг
0%
109 Коффинг
0%
113 Ченси
0%
114 Тангела
0%
118 Голдин
0%
123 Скайтер
0%
125 Электробазз
0%
126 Магмар
0%
127 Пинсир
0%
128 Торос
0%
137 Поригон
0%
148 Драгонэйр
0%
No matching quizzes found
Score Distribution
Percent of People with Each Score
Percentile by Number Answered
Your Score History
You have not taken this quiz